000 01440cam a22003734a 4500
001 12638983
003 PILC
005 20150112093439.0
008 020108s2001 mau b 001 0 eng
010 _a 2002100253
020 _a1578518059 (pbk. : alk. paper)
035 _a(DLC) 2002100253
040 _aDLC
_cDLC
_dDLC
042 _apcc
050 0 0 _aHD 57.7
_b.H388 2001
082 0 0 _aMnSF 658.4092
_bH26 2001
100 _aHarvard Business School Press
_915191
245 0 0 _aHarvard business review on breakthrough leadership /
246 3 0 _aBreakthrough leadership
246 1 _iAt head of cover title:
_aIdeas with impact
260 _aBoston :
_bHarvard Business School Press,
_c2001.
300 _a190 pages :
_c21 cm.
440 4 _aThe Harvard business review paperback series
_917001
500 _aContains articles previously published in the Harvard business review.
504 _aIncludes bibliographical references and index.
650 0 _aLeadership.
_9483
650 0 _aExecutive ability.
_9551
650 0 _aTechnological innovations
_xManagement.
_917650
730 0 _aHarvard business review.
_915730
856 4 1 _3Table of contents
_uhttp://www.loc.gov/catdir/toc/fy035/2002100253.html
906 _a7
_bcbc
_corignew
_d2
_eepcn
_f20
_gy-gencatlg
942 _2lcc
_cBK
999 _c14685
_d14685